1938 FIFA World Cup - Statistics

General Stats
  • This quiz has been taken 55 times
  • The average score is 10 of 16
Answer Stats
Hint Answer % Correct
Winner Italy
96%
Semifinals Brazil
91%
Round 2 France
89%
Round 1 Germany
80%
Runner-Up Hungary
78%
Round 1 Netherlands
72%
Semifinals Sweden
72%
Withdrew Austria
70%
Round 1 Belgium
67%
Round 1 Poland
65%
Round 2 Switzerland
63%
Round 2 Czechoslovakia
52%
Round 1 Norway
46%
Round 1 Romania
46%
Round 2 Cuba
33%
Round 1 Dutch East Indies
24%
No matching quizzes found
Score Distribution
Percent of People with Each Score
Percentile by Number Answered
Your Score History
You have not taken this quiz